Challenges of CAFTA: maximizing the benefits for Central America (Record no. 37018)

MARC details
000 -LEADER
fixed length control field 00868nam a2200229 a 4500
008 - FIXED-LENGTH DATA ELEMENTS--GENERAL INFORMATION
fixed length control field 060823s2006 ||||||||||||||||| || u
020 ## - INTERNATIONAL STANDARD BOOK NUMBER
International Standard Book Number 9780821364444
020 ## - INTERNATIONAL STANDARD BOOK NUMBER
International Standard Book Number 444
050 ## - LIBRARY OF CONGRESS CALL NUMBER
Classification number HF 1782 Cha
100 ## - MAIN ENTRY--PERSONAL NAME
Personal name Lederman, Daniel
245 10 - TITLE STATEMENT
Title Challenges of CAFTA: maximizing the benefits for Central America
Statement of responsibility, etc. by Carlos Felipe Jaramillo....[et al.].
260 ## - PUBLICATION, DISTRIBUTION, ETC.
Place of publication, distribution, etc. Washington, D. C.
Name of publisher, distributor, etc. World Bank
Date of publication, distribution, etc. 2006
300 ## - PHYSICAL DESCRIPTION
Extent xxv;289p.; ill.
350 ## - PRICE (NR) (BK AM CF MU VM SE) [OBSOLETE]
Price 0.00
490 ## - SERIES STATEMENT
Series statement Directions in development (trade)
650 ## - SUBJECT ADDED ENTRY--TOPICAL TERM
Topical term or geographic name entry element FREE TRADE --CENTRAL AMERICA
650 ## - SUBJECT ADDED ENTRY--TOPICAL TERM
Topical term or geographic name entry element CAFTA--FREE TRADE AGREEMENT
650 ## - SUBJECT ADDED ENTRY--TOPICAL TERM
Topical term or geographic name entry element COMMERCE--CENTRAL AMERICA
700 ## - ADDED ENTRY--PERSONAL NAME
Personal name Jaramillo, Carlos Felipe
710 ## - ADDED ENTRY--CORPORATE NAME
Corporate name or jurisdiction name as entry element World Bank
995 ## - RECOMMENDATION 995 [LOCAL, UNIMARC FRANCE]
-- 0.00
-- CBU-MAIN LIBRARY (Kitwe)
-- 1
-- 0.00
-- 1
-- AVAILABLE
-- Jan 7, 2008
-- Main Library Open Access Collection
Holdings
Withdrawn status Lost status Source of classification or shelving scheme Damaged status Not for loan Home library Current library Shelving location Date acquired Total Checkouts Full call number Barcode Date last seen Price effective from Koha item type
          CBU-MAIN LIBRARY, KITWE. CBU-MAIN LIBRARY, KITWE.   11/30/2022   HF 1782 Cha 52514 11/30/2022 11/30/2022 MONOGRAPH